| 000 | 00841nam a2200241 i 4500 | ||
|---|---|---|---|
| 001 | 125210 | ||
| 003 | ES-MaACL | ||
| 005 | 20251115063303.0 | ||
| 007 | t| | ||
| 008 | 070507s1934 sp ||||1| spa d | ||
| 080 | _a860-22"19" | ||
| 100 | 1 |
_aMuñoz Seca, Pedro, _d1881-1936 _984499 |
|
| 245 | 1 | 4 |
_aLos quince millones _b: comedia en tres actos / _cPedro Muñoz Seca ; dibujos de Manuel Prieto. |
| 260 |
_aMadrid : _bRivadeneyra, _c1934. |
||
| 300 |
_a91 p. : _bil. ; _c17 cm. |
||
| 490 | 1 |
_aLa Farsa ; _v365 |
|
| 500 | _aEstrenada en el Teatro Goya de Zaragoza el 4 de octubre de 1933. | ||
| 500 | _aCubierta de este número: una escena de la obra Los quince millones. | ||
| 700 | 1 |
_aPrieto, Manuel. _993899 |
|
| 830 | 0 |
_aLa Farsa ; _v365 _9185863 |
|
| 852 |
_aES-MaACL _j2226-F-9 _bR.140798 |
||
| 999 |
_c125210 _d125210 |
||